[Event "Patras op"]
[Site "Patras"]
[Date "2002.08.08"]
[Round "9.45"]
[White "Loukeris, E."]
[Black "Koutsidi, Martha"]
[Result "1/2-1/2"]
[WhiteElo "1000"]
[BlackElo "1000"]
[PlyCount "31"]
[EventDate "2002.08.??"]
[EventType "swiss"]
[EventRounds "9"]
[EventCountry "GRE"]
[SourceTitle "CBM 089 Extra"]
[Source "ChessBase"]
[SourceDate "2002.09.10"]
[SourceVersion "2"]
[SourceVersionDate "2002.09.10"]
[SourceQuality "1"]

1. e4 c5 2. Nf3 Nc6 3. Nc3 g6 4. Bb5 Bg7 5. d3 d6 6. h3 Nf6 7. Bg5 0-0 8. Bxf6 Bxf6 9. 0-0 Bd7 10. Qd2 a6 11. Bxc6 Bxc6 12. a3 b5 13. Qh6 Bg7 14. Qh4 b4 15. axb4 cxb4 16. Nd1 1/2-1/2

[Event "Patras op"]
[Site "Patras"]
[Date "2002.08.04"]
[Round "5.47"]
[White "Loukeris, E."]
[Black "Papastathi, Filippia"]
[Result "1/2-1/2"]
[WhiteElo "1000"]
[BlackElo "1000"]
[PlyCount "136"]
[EventDate "2002.08.??"]
[EventType "swiss"]
[EventRounds "9"]
[EventCountry "GRE"]
[SourceTitle "CBM 089 Extra"]
[Source "ChessBase"]
[SourceDate "2002.09.10"]
[SourceVersion "2"]
[SourceVersionDate "2002.09.10"]
[SourceQuality "1"]

1. e4 e5 2. Nf3 Nc6 3. Bc4 Nf6 4. Nc3 Bc5 5. d3 0-0 6. Bg5 h6 7. Bxf6 Qxf6 8. Nd5 Qd8 9. 0-0 Na5 10. Re1 c6 11. Ne3 Nxc4 12. Nxc4 d5 13. exd5 cxd5 14. Rxe5 Re8 15. Rxe8+ Qxe8 16. Ncd2 Bg4 17. h3 Bxf3 18. Nxf3 Qe7 19. Qe1 Re8 20. Qxe7 Rxe7 21. Re1 Rc7 22. c3 b5 23. d4 Be7 24. Re5 Rd7 25. Nd2 f6 26. Re6 Kf7 27. Ra6 Rc7 28. b4 Rxc3 29. Rxa7 Rd3 30. Nf3 Rd1+ 31. Kh2 Ke6 32. Ra5 Bd6+ 33. g3 Rd3 34. Kg2 h5 35. Rxb5 g5 36. Rb7 g4 37. hxg4 hxg4 38. Nh2 Rxd4 39. b5 Rb4 40. b6 d4 41. Nxg4 Bc5 42. Rb8 Bxb6 43. a3 Rb3 44. a4 d3 45. Re8+ Kd7 46. Nxf6+ Kc6 47. Ne4 Rb2 48. g4 d2 49. Nxd2 Rxd2 50. Re6+ Kb7 51. Rf6 Bd4 52. Rf7+ Ka6 53. g5 Re2 54. g6 Re8 55. g7 Rg8 56. Kf1 Bxg7 57. f4 Bd4 58. Ke2 Rg6 59. f5 Rh6 60. Kd3 Ba1 61. Ke4 Rh4+ 62. Kd5 Rd4+ 63. Ke6 Re4+ 64. Kd5 Rxa4 65. f6 Rf4 66. Ke6 Re4+ 67. Kf5 Re5+ 68. Kg6 Re1 1/2-1/2

[Event "Patras op"]
[Site "Patras"]
[Date "2002.08.02"]
[Round "3.46"]
[White "Loukeris, E."]
[Black "Masouras, Stylianos"]
[Result "0-1"]
[WhiteElo "1000"]
[BlackElo "1290"]
[PlyCount "110"]
[EventDate "2002.08.??"]
[EventType "swiss"]
[EventRounds "9"]
[EventCountry "GRE"]
[SourceTitle "CBM 089 Extra"]
[Source "ChessBase"]
[SourceDate "2002.09.10"]
[SourceVersion "2"]
[SourceVersionDate "2002.09.10"]
[SourceQuality "1"]

1. e4 c5 2. Bc4 e6 3. Nf3 Nc6 4. Nc3 Nf6 5. d3 a6 6. Bg5 Be7 7. 0-0 Qb6 8. b3 Qc7 9. Na4 b5 10. Nb2 bxc4 11. Nxc4 h6 12. Bh4 0-0 13. e5 Nd5 14. Bxe7 Ncxe7 15. Nd6 Nc3 16. Qd2 Nb5 17. Nxb5 axb5 18. Qe3 Bb7 19. Rfe1 Nd5 20. Qd2 Qa5 21. Qxa5 Rxa5 22. a4 Nb4 23. axb5 Rxa1 24. Rxa1 Ra8 25. Rxa8+ Bxa8 26. c3 Nxd3 27. Nd2 Nxe5 28. f4 Ng6 29. g3 Kf8 30. Nc4 Ne7 31. Nd6 Nf5 32. Nc4 Ke7 33. b6 Nd6 34. Na5 Nb7 35. b4 cxb4 36. cxb4 Kd6 37. Nc4+ Kc6 38. Ne5+ Kxb6 39. Nxd7+ Kb5 40. Ne5 f6 41. Ng6 Kxb4 42. Nf8 Nc5 43. g4 e5 44. fxe5 fxe5 45. h4 e4 46. Ng6 Kc3 47. Kf2 Kd2 48. g5 e3+ 49. Kg1 e2 50. Nf4 e1Q+ 51. Kh2 Qxh4+ 52. Nh3 hxg5 53. Kg1 Qxh3 54. Kf2 Qf3+ 55. Kg1 Qg2# 0-1